[Event "FIDE World Cup 2025"]
[Site "Goa, India"]
[Date "2025.11.02"]
[Round "2.21"]
[White "Lashkin, Jegor"]
[Black "Tin, Jingyao"]
[Result "1/2-1/2"]
[TimeControl ": 90 minutes for the first 40 moves, followed by 30 minutes for the rest of the gamewith an increment of 30 seconds per move starting from move 1"]
[WhiteFideId "13907808"]
[BlackFideId "5804418"]
[WhiteElo "2497"]
[BlackElo "2583"]

1. e4 {[%clk 01:30:49]} {[%emt 00:00:10]} e5 {[%clk 01:30:49]} {[%emt
00:00:12]} 2. Nf3 {[%clk 01:31:06]} {[%emt 00:00:12]} Nc6 {[%clk 01:31:14]}
{[%emt 00:00:06]} 3. Bb5 {[%clk 01:31:21]} {[%emt 00:00:15]} Nf6 {[%clk
01:30:45]} {[%emt 00:00:59]} 4. O-O {[%clk 01:30:38]} {[%emt 00:01:13]} Nxe4
{[%clk 01:30:03]} {[%emt 00:01:13]} 5. Re1 {[%clk 01:30:46]} {[%emt 00:00:21]}
Nd6 {[%clk 01:30:19]} {[%emt 00:00:15]} 6. Nxe5 {[%clk 01:30:57]} {[%emt
00:00:19]} Be7 {[%clk 01:30:40]} {[%emt 00:00:09]} 7. Bf1 {[%clk 01:31:12]}
{[%emt 00:00:15]} Nxe5 {[%clk 01:30:55]} {[%emt 00:00:16]} 8. Rxe5 {[%clk
01:31:35]} {[%emt 00:00:07]} O-O {[%clk 01:31:19]} {[%emt 00:00:06]} 9. d4
{[%clk 01:30:45]} {[%emt 00:01:20]} Ne8 {[%clk 01:29:53]} {[%emt 00:01:56]} 10.
Re1 {[%clk 01:09:59]} {[%emt 00:21:16]} d5 {[%clk 01:27:38]} {[%emt 00:02:45]}
11. Bf4 {[%clk 00:59:42]} {[%emt 00:10:46]} Bd6 {[%clk 01:20:30]} {[%emt
00:07:39]} 12. Bxd6 {[%clk 00:51:42]} {[%emt 00:08:30]} Nxd6 {[%clk 01:19:48]}
{[%emt 00:01:12]} 13. Nd2 {[%clk 00:49:18]} {[%emt 00:02:54]} c6 {[%clk
01:16:06]} {[%emt 00:04:12]} 14. c3 {[%clk 00:48:14]} {[%emt 00:01:35]} Bf5
{[%clk 01:11:39]} {[%emt 00:04:57]} 15. Qb3 {[%clk 00:46:38]} {[%emt 00:02:06]}
Re8 {[%clk 01:06:36]} {[%emt 00:05:33]} 16. Rxe8+ {[%clk 00:35:43]} {[%emt
00:11:25]} Qxe8 {[%clk 01:03:22]} {[%emt 00:03:45]} 17. Nf3 {[%clk 00:31:55]}
{[%emt 00:04:17]} Qd7 {[%clk 01:00:19]} {[%emt 00:03:32]} 18. Re1 {[%clk
00:31:34]} {[%emt 00:00:51]} Re8 {[%clk 00:57:56]} {[%emt 00:02:53]} 19. Rxe8+
{[%clk 00:31:20]} {[%emt 00:00:44]} Qxe8 {[%clk 00:56:39]} {[%emt 00:01:47]} 20.
Qa3 {[%clk 00:26:25]} {[%emt 00:05:25]} Nc8 {[%clk 00:52:58]} {[%emt 00:04:11]}
21. b3 {[%clk 00:23:25]} {[%emt 00:03:30]} Qd8 {[%clk 00:48:21]} {[%emt
00:05:07]} 22. Qc1 {[%clk 00:19:47]} {[%emt 00:04:08]} Nd6 {[%clk 00:46:30]}
{[%emt 00:02:21]} 23. h3 {[%clk 00:16:00]} {[%emt 00:04:17]} Be4 {[%clk
00:43:05]} {[%emt 00:03:54]} 24. Ne5 {[%clk 00:14:24]} {[%emt 00:02:06]} h6
{[%clk 00:32:26]} {[%emt 00:11:09]} 25. Nd3 {[%clk 00:11:34]} {[%emt 00:03:20]}
Bxd3 {[%clk 00:30:37]} {[%emt 00:02:19]} 26. Bxd3 {[%clk 00:12:00]} {[%emt
00:00:05]} Qe7 {[%clk 00:30:52]} {[%emt 00:00:15]} 27. Kf1 {[%clk 00:10:45]}
{[%emt 00:01:44]} Kf8 {[%clk 00:28:02]} {[%emt 00:03:20]} 28. Qf4 {[%clk
00:08:53]} {[%emt 00:02:22]} b5 {[%clk 00:25:52]} {[%emt 00:02:40]} 29. h4
{[%clk 00:08:05]} {[%emt 00:01:18]} a5 {[%clk 00:24:30]} {[%emt 00:01:52]} 30.
h5 {[%clk 00:05:33]} {[%emt 00:03:02]} Ne8 {[%clk 00:21:36]} {[%emt 00:03:24]}
31. g4 {[%clk 00:04:00]} {[%emt 00:02:02]} Qg5 {[%clk 00:12:38]} {[%emt
00:09:28]} 32. Qxg5 {[%clk 00:04:13]} {[%emt 00:00:18]} hxg5 {[%clk 00:13:07]}
{[%emt 00:00:01]} 33. Ke2 {[%clk 00:04:06]} {[%emt 00:00:37]} Ke7 {[%clk
00:12:26]} {[%emt 00:01:10]} 34. Ke3 {[%clk 00:03:33]} {[%emt 00:01:03]} Nc7
{[%clk 00:11:33]} {[%emt 00:01:23]} 35. Bf5 {[%clk 00:03:28]} {[%emt 00:00:35]}
Ne6 {[%clk 00:10:23]} {[%emt 00:01:40]} 36. Bxe6 {[%clk 00:03:17]} {[%emt
00:00:42]} Kxe6 {[%clk 00:10:33]} {[%emt 00:00:19]} 1/2-1/2

[Event "FIDE World Cup 2025"]
[Site "Goa, India"]
[Date "2025.11.02"]
[Round "2.22"]
[White "Lalit, Babu M R"]
[Black "Warmerdam, Max"]
[Result "1/2-1/2"]
[TimeControl ": 90 minutes for the first 40 moves, followed by 30 minutes for the rest of the gamewith an increment of 30 seconds per move starting from move 1"]
[WhiteFideId "5024595"]
[BlackFideId "1048104"]
[WhiteElo "2502"]
[BlackElo "2591"]

1. d4 {[%clk 01:30:56]} {[%emt 00:00:03]} d5 {[%clk 01:30:54]} {[%emt
00:00:07]} 2. Bg5 {[%clk 01:31:21]} {[%emt 00:00:05]} Nf6 {[%clk 01:28:45]}
{[%emt 00:02:39]} 3. Bxf6 {[%clk 01:31:41]} {[%emt 00:00:11]} exf6 {[%clk
01:27:36]} {[%emt 00:01:39]} 4. e3 {[%clk 01:32:04]} {[%emt 00:00:07]} Bd6
{[%clk 01:22:34]} {[%emt 00:05:31]} 5. Bd3 {[%clk 01:32:12]} {[%emt 00:00:23]}
c6 {[%clk 01:19:07]} {[%emt 00:03:58]} 6. Nd2 {[%clk 01:32:30]} {[%emt
00:00:11]} f5 {[%clk 01:14:35]} {[%emt 00:05:01]} 7. c4 {[%clk 01:32:06]}
{[%emt 00:00:55]} dxc4 {[%clk 01:13:34]} {[%emt 00:01:31]} 8. Nxc4 {[%clk
01:32:31]} {[%emt 00:00:04]} Bc7 {[%clk 01:11:49]} {[%emt 00:02:16]} 9. Qc2
{[%clk 01:31:28]} {[%emt 00:01:33]} Qf6 {[%clk 01:04:35]} {[%emt 00:07:43]} 10.
Nf3 {[%clk 01:27:37]} {[%emt 00:04:20]} O-O {[%clk 01:02:29]} {[%emt 00:02:36]}
11. O-O {[%clk 01:25:21]} {[%emt 00:02:47]} a5 {[%clk 00:56:50]} {[%emt
00:06:10]} 12. Ncd2 {[%clk 01:15:47]} {[%emt 00:10:04]} g6 {[%clk 00:54:53]}
{[%emt 00:02:27]} 13. e4 {[%clk 01:03:18]} {[%emt 00:12:59]} fxe4 {[%clk
00:49:58]} {[%emt 00:05:25]} 14. Nxe4 {[%clk 01:02:47]} {[%emt 00:01:00]} Qd8
{[%clk 00:45:56]} {[%emt 00:04:33]} 15. Qd2 {[%clk 00:59:21]} {[%emt 00:03:57]}
Bf5 {[%clk 00:37:11]} {[%emt 00:09:14]} 16. Rfe1 {[%clk 00:58:34]} {[%emt
00:01:18]} Bxe4 {[%clk 00:29:24]} {[%emt 00:08:16]} 17. Rxe4 {[%clk 00:58:14]}
{[%emt 00:00:49]} Bd6 {[%clk 00:12:10]} {[%emt 00:17:44]} 18. Qh6 {[%clk
00:51:31]} {[%emt 00:07:13]} Qf6 {[%clk 00:12:31]} {[%emt 00:00:10]} 19. Ng5
{[%clk 00:51:48]} {[%emt 00:00:13]} Qg7 {[%clk 00:12:25]} {[%emt 00:00:36]} 20.
Qh3 {[%clk 00:52:09]} {[%emt 00:00:09]} Na6 {[%clk 00:06:51]} {[%emt 00:06:03]}
21. f4 {[%clk 00:21:16]} {[%emt 00:31:22]} Nb4 {[%clk 00:04:26]} {[%emt
00:02:56]} 22. f5 {[%clk 00:17:31]} {[%emt 00:04:15]} gxf5 {[%clk 00:02:21]}
{[%emt 00:02:35]} 23. Qxf5 {[%clk 00:17:05]} {[%emt 00:00:56]} Qg6 {[%clk
00:02:46]} {[%emt 00:00:04]} 24. Rg4 {[%clk 00:17:16]} {[%emt 00:00:20]} Qxf5
{[%clk 00:02:35]} {[%emt 00:00:41]} 25. Bxf5 {[%clk 00:17:42]} {[%emt
00:00:03]} h5 {[%clk 00:03:00]} {[%emt 00:00:05]} 26. Rh4 {[%clk 00:17:53]}
{[%emt 00:00:20]} Be7 {[%clk 00:01:50]} {[%emt 00:01:41]} 27. Rxh5 {[%clk
00:17:43]} {[%emt 00:00:40]} Bf6 {[%clk 00:02:02]} {[%emt 00:00:18]} 28. Rf1
{[%clk 00:14:55]} {[%emt 00:03:18]} Bxd4+ {[%clk 00:02:28]} {[%emt 00:00:05]}
29. Kh1 {[%clk 00:15:23]} {[%emt 00:00:02]} Rad8 {[%clk 00:01:52]} {[%emt
00:01:06]} 30. Bh7+ {[%clk 00:14:22]} {[%emt 00:01:31]} Kg7 {[%clk 00:02:21]}
{[%emt 00:00:01]} 31. Bb1 {[%clk 00:14:06]} {[%emt 00:00:46]} Kg8 {[%clk
00:01:33]} {[%emt 00:01:17]} 32. Rh4 {[%clk 00:12:33]} {[%emt 00:02:03]} Bxb2
{[%clk 00:01:17]} {[%emt 00:00:46]} 33. Rg4 {[%clk 00:10:39]} {[%emt 00:02:24]}
f5 {[%clk 00:01:23]} {[%emt 00:00:24]} 34. Rg3 {[%clk 00:10:58]} {[%emt
00:00:11]} Be5 {[%clk 00:01:29]} {[%emt 00:00:24]} 35. Rgf3 {[%clk 00:11:11]}
{[%emt 00:00:17]} f4 {[%clk 00:00:39]} {[%emt 00:01:20]} 36. Ne6 {[%clk
00:11:30]} {[%emt 00:00:11]} Rd2 {[%clk 00:01:08]} {[%emt 00:00:02]} 37. Nxf8
{[%clk 00:11:33]} {[%emt 00:00:27]} Kxf8 {[%clk 00:01:37]} {[%emt 00:00:01]} 38.
g3 {[%clk 00:11:33]} {[%emt 00:00:30]} Nxa2 {[%clk 00:01:23]} {[%emt 00:00:43]}
39. gxf4 {[%clk 00:10:23]} {[%emt 00:01:40]} Bd4 {[%clk 00:00:35]} {[%emt
00:01:18]} 40. Ra3 {[%clk 00:09:01]} {[%emt 00:01:52]} Nc3 {[%clk 00:00:51]}
{[%emt 00:00:14]} 41. Rxa5 {[%clk 00:09:08]} {[%emt 00:00:24]} b5 {[%clk
00:25:16]} {[%emt 00:06:05]} 42. Re1 {[%clk 00:27:33]} {[%emt 00:12:05]} Bf2
{[%clk 00:15:22]} {[%emt 00:10:24]} 43. Rf1 {[%clk 00:24:23]} {[%emt 00:03:40]}
Bd4 {[%clk 00:15:47]} {[%emt 00:00:05]} 44. Re1 {[%clk 00:16:09]} {[%emt
00:08:44]} Bf2 {[%clk 00:16:01]} {[%emt 00:00:15]} 45. Rf1 {[%clk 00:16:34]}
{[%emt 00:00:05]} 1/2-1/2

[Event "FIDE World Cup 2025"]
[Site "Goa, India"]
[Date "2025.11.02"]
[Round "2.23"]
[White "Karthik, Venkataraman"]
[Black "Garcia Pantoja, Roberto"]
[Result "1-0"]
[TimeControl ": 90 minutes for the first 40 moves, followed by 30 minutes for the rest of the gamewith an increment of 30 seconds per move starting from move 1"]
[WhiteFideId "25006479"]
[BlackFideId "3509265"]
[WhiteElo "2579"]
[BlackElo "2502"]

1. c4 {[%clk 01:30:56]} {[%emt 00:00:03]} c6 {[%clk 01:30:39]} {[%emt
00:00:22]} 2. Nf3 {[%clk 01:31:16]} {[%emt 00:00:09]} d5 {[%clk 01:30:58]}
{[%emt 00:00:11]} 3. e3 {[%clk 01:31:40]} {[%emt 00:00:06]} Nf6 {[%clk
01:31:14]} {[%emt 00:00:14]} 4. d4 {[%clk 01:32:03]} {[%emt 00:00:06]} g6
{[%clk 01:26:41]} {[%emt 00:05:03]} 5. Nc3 {[%clk 01:32:10]} {[%emt 00:00:24]}
Bg7 {[%clk 01:27:03]} {[%emt 00:00:07]} 6. Be2 {[%clk 01:32:27]} {[%emt
00:00:13]} O-O {[%clk 01:27:25]} {[%emt 00:00:09]} 7. O-O {[%clk 01:32:51]}
{[%emt 00:00:06]} dxc4 {[%clk 01:27:50]} {[%emt 00:00:05]} 8. Bxc4 {[%clk
01:33:15]} {[%emt 00:00:05]} Bg4 {[%clk 01:28:14]} {[%emt 00:00:06]} 9. h3
{[%clk 01:21:15]} {[%emt 00:12:31]} Bxf3 {[%clk 01:21:12]} {[%emt 00:07:31]} 10.
Qxf3 {[%clk 01:21:38]} {[%emt 00:00:06]} Nbd7 {[%clk 01:21:38]} {[%emt
00:00:05]} 11. Rd1 {[%clk 01:21:51]} {[%emt 00:00:16]} e5 {[%clk 01:16:40]}
{[%emt 00:05:29]} 12. d5 {[%clk 01:19:15]} {[%emt 00:03:05]} e4 {[%clk
01:09:22]} {[%emt 00:07:48]} 13. Nxe4 {[%clk 01:18:43]} {[%emt 00:01:01]} Nxe4
{[%clk 00:51:00]} {[%emt 00:18:51]} 14. Qxe4 {[%clk 01:17:39]} {[%emt
00:01:36]} Nf6 {[%clk 00:51:24]} {[%emt 00:00:06]} 15. Qf3 {[%clk 01:10:52]}
{[%emt 00:07:16]} cxd5 {[%clk 00:50:14]} {[%emt 00:01:41]} 16. Bb3 {[%clk
01:10:54]} {[%emt 00:00:28]} a5 {[%clk 00:42:58]} {[%emt 00:07:46]} 17. Bd2
{[%clk 01:06:53]} {[%emt 00:04:30]} a4 {[%clk 00:38:46]} {[%emt 00:04:43]} 18.
Bc2 {[%clk 01:07:11]} {[%emt 00:00:11]} Qb6 {[%clk 00:29:37]} {[%emt 00:09:39]}
19. Rab1 {[%clk 01:03:01]} {[%emt 00:04:40]} Rfc8 {[%clk 00:28:46]} {[%emt
00:01:21]} 20. Bc3 {[%clk 01:01:19]} {[%emt 00:02:12]} Qe6 {[%clk 00:25:23]}
{[%emt 00:03:53]} 21. Qe2 {[%clk 00:50:40]} {[%emt 00:11:08]} Ne4 {[%clk
00:23:17]} {[%emt 00:02:36]} 22. Bxg7 {[%clk 00:51:02]} {[%emt 00:00:08]} Kxg7
{[%clk 00:23:44]} {[%emt 00:00:03]} 23. Rd4 {[%clk 00:51:14]} {[%emt 00:00:17]}
a3 {[%clk 00:19:59]} {[%emt 00:04:16]} 24. Bb3 {[%clk 00:49:27]} {[%emt
00:02:16]} axb2 {[%clk 00:12:35]} {[%emt 00:07:53]} 25. Qxb2 {[%clk 00:49:06]}
{[%emt 00:00:52]} Qe5 {[%clk 00:04:44]} {[%emt 00:08:21]} 26. Bxd5 {[%clk
00:26:01]} {[%emt 00:23:35]} Nc3 {[%clk 00:04:13]} {[%emt 00:01:01]} 27. Rc4
{[%clk 00:26:23]} {[%emt 00:00:08]} Rxc4 {[%clk 00:01:53]} {[%emt 00:02:50]} 28.
Bxc4 {[%clk 00:26:51]} {[%emt 00:00:03]} Rc8 {[%clk 00:01:50]} {[%emt
00:00:33]} 29. Bb3 {[%clk 00:26:30]} {[%emt 00:00:51]} b5 {[%clk 00:02:01]}
{[%emt 00:00:19]} 30. Rd1 {[%clk 00:26:02]} {[%emt 00:00:57]} Rc6 {[%clk
00:00:49]} {[%emt 00:01:43]} 31. Rd5 {[%clk 00:24:05]} {[%emt 00:02:27]} Qe4
{[%clk 00:00:33]} {[%emt 00:00:46]} 32. Rd7 {[%clk 00:23:59]} {[%emt 00:00:35]}
Kh6 {[%clk 00:00:41]} {[%emt 00:00:23]} 33. Rxf7 {[%clk 00:23:51]} {[%emt
00:00:39]} b4 {[%clk 00:00:43]} {[%emt 00:00:28]} 34. Qd2 {[%clk 00:23:40]}
{[%emt 00:00:39]} Qe5 {[%clk 00:00:41]} {[%emt 00:00:33]} 35. e4+ {[%clk
00:20:38]} {[%emt 00:03:31]} g5 {[%clk 00:01:08]} {[%emt 00:00:04]} 36. Rf5
{[%clk 00:21:02]} {[%emt 00:00:06]} Nxe4 {[%clk 00:00:45]} {[%emt 00:00:52]} 37.
Qxg5+ {[%clk 00:21:22]} {[%emt 00:00:10]} Nxg5 {[%clk 00:01:10]} {[%emt
00:00:05]} 38. Rxe5 {[%clk 00:21:49]} {[%emt 00:00:03]} Rg6 {[%clk 00:00:50]}
{[%emt 00:00:50]} 39. Kf1 {[%clk 00:21:53]} {[%emt 00:00:25]} Nf3 {[%clk
00:00:02]} {[%emt 00:00:43]} 1-0

[Event "FIDE World Cup 2025"]
[Site "Goa, India"]
[Date "2025.11.02"]
[Round "2.24"]
[White "Oro, Faustino"]
[Black "Brkic, Ante"]
[Result "1/2-1/2"]
[TimeControl ": 90 minutes for the first 40 moves, followed by 30 minutes for the rest of the gamewith an increment of 30 seconds per move starting from move 1"]
[WhiteFideId "20000197"]
[BlackFideId "14506688"]
[WhiteElo "2509"]
[BlackElo "2578"]

1. e4 {[%clk 01:30:57]} {[%emt 00:00:02]} c5 {[%clk 01:30:54]} {[%emt
00:00:06]} 2. Nc3 {[%clk 01:31:23]} {[%emt 00:00:04]} Nc6 {[%clk 01:30:01]}
{[%emt 00:01:24]} 3. Nf3 {[%clk 01:31:44]} {[%emt 00:00:09]} e6 {[%clk
01:29:04]} {[%emt 00:01:28]} 4. d4 {[%clk 01:31:39]} {[%emt 00:00:35]} cxd4
{[%clk 01:29:30]} {[%emt 00:00:05]} 5. Nxd4 {[%clk 01:32:03]} {[%emt 00:00:05]}
Nf6 {[%clk 01:29:47]} {[%emt 00:00:13]} 6. a3 {[%clk 01:32:02]} {[%emt
00:00:32]} d6 {[%clk 01:29:42]} {[%emt 00:00:35]} 7. Be3 {[%clk 01:29:34]}
{[%emt 00:02:57]} Be7 {[%clk 01:29:55]} {[%emt 00:00:18]} 8. Be2 {[%clk
01:27:48]} {[%emt 00:02:14]} O-O {[%clk 01:29:11]} {[%emt 00:01:15]} 9. Qd3
{[%clk 01:26:39]} {[%emt 00:01:40]} Bd7 {[%clk 01:25:16]} {[%emt 00:04:24]} 10.
f4 {[%clk 01:26:22]} {[%emt 00:00:46]} e5 {[%clk 01:20:25]} {[%emt 00:05:22]}
11. Nxc6 {[%clk 01:25:30]} {[%emt 00:01:22]} bxc6 {[%clk 01:20:47]} {[%emt
00:00:09]} 12. O-O {[%clk 01:23:06]} {[%emt 00:02:55]} exf4 {[%clk 01:14:47]}
{[%emt 00:06:30]} 13. Bxf4 {[%clk 01:21:14]} {[%emt 00:02:21]} Be6 {[%clk
01:15:08]} {[%emt 00:00:08]} 14. Kh1 {[%clk 01:13:11]} {[%emt 00:08:33]} Ne8
{[%clk 00:51:53]} {[%emt 00:23:46]} 15. Rad1 {[%clk 00:59:15]} {[%emt
00:14:25]} Bf6 {[%clk 00:51:23]} {[%emt 00:01:01]} 16. e5 {[%clk 00:51:09]}
{[%emt 00:08:36]} dxe5 {[%clk 00:51:35]} {[%emt 00:00:18]} 17. Qxd8 {[%clk
00:51:32]} {[%emt 00:00:07]} Bxd8 {[%clk 00:31:42]} {[%emt 00:20:23]} 18. Bxe5
{[%clk 00:51:54]} {[%emt 00:00:08]} Bf6 {[%clk 00:32:03]} {[%emt 00:00:09]} 19.
Bd4 {[%clk 00:48:36]} {[%emt 00:03:49]} Bxd4 {[%clk 00:31:24]} {[%emt
00:01:10]} 20. Rxd4 {[%clk 00:45:29]} {[%emt 00:03:36]} Nf6 {[%clk 00:31:50]}
{[%emt 00:00:04]} 21. Bf3 {[%clk 00:42:36]} {[%emt 00:03:22]} Rab8 {[%clk
00:28:55]} {[%emt 00:03:26]} 22. b4 {[%clk 00:40:04]} {[%emt 00:03:00]} Rfc8
{[%clk 00:23:48]} {[%emt 00:05:38]} 23. Na4 {[%clk 00:37:15]} {[%emt 00:03:19]}
Bd5 {[%clk 00:24:03]} {[%emt 00:00:15]} 24. h3 {[%clk 00:36:48]} {[%emt
00:00:56]} Re8 {[%clk 00:23:29]} {[%emt 00:01:05]} 25. Nc5 {[%clk 00:33:41]}
{[%emt 00:03:37]} Bxf3 {[%clk 00:18:16]} {[%emt 00:05:44]} 26. Rxf3 {[%clk
00:34:08]} {[%emt 00:00:03]} Re1+ {[%clk 00:18:38]} {[%emt 00:00:08]} 27. Kh2
{[%clk 00:34:30]} {[%emt 00:00:07]} Rbe8 {[%clk 00:18:59]} {[%emt 00:00:09]} 28.
Rfd3 {[%clk 00:30:46]} {[%emt 00:04:15]} h5 {[%clk 00:18:34]} {[%emt 00:00:56]}
29. Rd8 {[%clk 00:27:36]} {[%emt 00:03:39]} h4 {[%clk 00:14:02]} {[%emt
00:05:01]} 30. Rxe8+ {[%clk 00:15:51]} {[%emt 00:12:16]} Rxe8 {[%clk 00:14:29]}
{[%emt 00:00:03]} 31. Kg1 {[%clk 00:14:28]} {[%emt 00:01:52]} Re2 {[%clk
00:13:36]} {[%emt 00:01:24]} 32. c4 {[%clk 00:14:25]} {[%emt 00:00:33]} Nh5
{[%clk 00:11:26]} {[%emt 00:02:40]} 33. Rd8+ {[%clk 00:09:52]} {[%emt
00:05:03]} Kh7 {[%clk 00:11:54]} {[%emt 00:00:02]} 34. Rd7 {[%clk 00:10:16]}
{[%emt 00:00:06]} f5 {[%clk 00:07:23]} {[%emt 00:05:01]} 35. Rxa7 {[%clk
00:09:07]} {[%emt 00:01:40]} Nf4 {[%clk 00:05:11]} {[%emt 00:02:42]} 36. Kf1
{[%clk 00:08:04]} {[%emt 00:01:33]} Rc2 {[%clk 00:05:06]} {[%emt 00:00:35]} 37.
Re7 {[%clk 00:06:28]} {[%emt 00:02:05]} Rxc4 {[%clk 00:05:04]} {[%emt
00:00:32]} 38. Ne6 {[%clk 00:06:14]} {[%emt 00:00:43]} Nh5 {[%clk 00:04:00]}
{[%emt 00:01:35]} 39. Ng5+ {[%clk 00:02:40]} {[%emt 00:04:04]} Kg6 {[%clk
00:04:05]} {[%emt 00:00:24]} 40. Nf3 {[%clk 00:03:06]} {[%emt 00:00:04]} Kf6
{[%clk 00:00:54]} {[%emt 00:03:41]} 41. Rd7 {[%clk 00:29:01]} {[%emt 00:04:35]}
Rc1+ {[%clk 00:21:52]} {[%emt 00:09:32]} 42. Kf2 {[%clk 00:28:41]} {[%emt
00:00:49]} Ng3 {[%clk 00:21:03]} {[%emt 00:01:19]} 43. Ke3 {[%clk 00:20:45]}
{[%emt 00:08:26]} Rc3+ {[%clk 00:11:52]} {[%emt 00:09:42]} 44. Rd3 {[%clk
00:18:49]} {[%emt 00:02:26]} f4+ {[%clk 00:07:44]} {[%emt 00:04:39]} 45. Kd4
{[%clk 00:12:46]} {[%emt 00:06:32]} Ne2+ {[%clk 00:08:04]} {[%emt 00:00:11]} 46.
Ke4 {[%clk 00:13:14]} {[%emt 00:00:02]} Ng3+ {[%clk 00:08:25]} {[%emt
00:00:08]} 47. Kd4 {[%clk 00:13:43]} {[%emt 00:00:02]} Ne2+ {[%clk 00:08:49]}
{[%emt 00:00:06]} 48. Ke4 {[%clk 00:14:10]} {[%emt 00:00:03]} Rc4+ {[%clk
00:08:00]} {[%emt 00:01:19]} 49. Nd4 {[%clk 00:14:06]} {[%emt 00:00:35]} g5
{[%clk 00:08:16]} {[%emt 00:00:14]} 50. Rd2 {[%clk 00:13:52]} {[%emt 00:00:43]}
Nxd4 {[%clk 00:04:48]} {[%emt 00:03:58]} 51. Rxd4 {[%clk 00:14:15]} {[%emt
00:00:07]} Rc2 {[%clk 00:05:16]} {[%emt 00:00:02]} 52. Kf3 {[%clk 00:12:46]}
{[%emt 00:01:59]} Rc3+ {[%clk 00:05:32]} {[%emt 00:00:15]} 53. Kf2 {[%clk
00:12:40]} {[%emt 00:00:36]} Ke5 {[%clk 00:05:41]} {[%emt 00:00:21]} 54. Rd2
{[%clk 00:09:25]} {[%emt 00:03:45]} Rxa3 {[%clk 00:06:07]} {[%emt 00:00:04]} 55.
Rc2 {[%clk 00:09:49]} {[%emt 00:00:05]} Kd6 {[%clk 00:05:35]} {[%emt 00:01:03]}
56. Rc5 {[%clk 00:09:46]} {[%emt 00:00:33]} Ra2+ {[%clk 00:04:41]} {[%emt
00:01:23]} 57. Kf3 {[%clk 00:10:02]} {[%emt 00:00:14]} Ra3+ {[%clk 00:05:10]}
{[%emt 00:00:01]} 58. Kf2 {[%clk 00:10:23]} {[%emt 00:00:09]} Rb3 {[%clk
00:04:07]} {[%emt 00:01:33]} 59. Rxg5 {[%clk 00:09:45]} {[%emt 00:01:08]} Rxb4
{[%clk 00:04:33]} {[%emt 00:00:04]} 60. Rh5 {[%clk 00:08:58]} {[%emt 00:01:16]}
c5 {[%clk 00:04:53]} {[%emt 00:00:11]} 61. Kf3 {[%clk 00:06:52]} {[%emt
00:02:36]} c4 {[%clk 00:02:37]} {[%emt 00:02:46]} 62. Ke4 {[%clk 00:07:10]}
{[%emt 00:00:11]} Rb2 {[%clk 00:02:35]} {[%emt 00:00:33]} 63. Kxf4 {[%clk
00:05:23]} {[%emt 00:02:17]} c3 {[%clk 00:02:15]} {[%emt 00:00:50]} 64. Ke3
{[%clk 00:05:00]} {[%emt 00:00:53]} Rd2 {[%clk 00:01:04]} {[%emt 00:01:41]} 65.
Rxh4 {[%clk 00:03:22]} {[%emt 00:02:09]} Kd5 {[%clk 00:01:22]} {[%emt
00:00:11]} 66. Rh8 {[%clk 00:02:38]} {[%emt 00:01:15]} Rxg2 {[%clk 00:00:48]}
{[%emt 00:01:04]} 67. Kd3 {[%clk 00:02:53]} {[%emt 00:00:14]} c2 {[%clk
00:01:05]} {[%emt 00:00:13]} 68. Rc8 {[%clk 00:03:17]} {[%emt 00:00:05]} Rg3+
{[%clk 00:01:25]} {[%emt 00:00:11]} 69. Kxc2 {[%clk 00:03:43]} {[%emt
00:00:04]} 1/2-1/2